Southville International School and Colleges
Your cart is empty.
  • Cart
  • Lists
    Public lists Eva Luna New books Lux_list list_1
    Your lists Log in to create your own lists
  • Log in to your account
  • Your cookies
  • Search history
Southville International School and Colleges
  • Advanced search
  • Recent comments
  • Most popular
  • Libraries

Log in to your account

Log in with GOOGLE


If you do not have an external account, but do have a local account, you can still log in:

  1. Home
  2. MARC view: The grahic designer's and illustrator's guide to marketing and promotion /
Normal view MARC view ISBD view

The grahic designer's and illustrator's guide to marketing and promotion / (Record no. 21819)

[ view plain ]
MARC details
000 -LEADER
fixed length control field 00623nam a2200205 a 4500
005 - DATE AND TIME OF LATEST TRANSACTION
control field 20140310183341.0
008 - FIXED-LENGTH DATA ELEMENTS--GENERAL INFORMATION
fixed length control field 070109s19uu xx 00 eng d
020 ## - INTERNATIONAL STANDARD BOOK NUMBER
International Standard Book Number 15811153635
050 ## - LIBRARY OF CONGRESS CALL NUMBER
Classification number NC 1001.6
Item number .P577 2004
100 ## - MAIN ENTRY--PERSONAL NAME
Personal name Piscopo, Maria.
245 ## - TITLE STATEMENT
Title The grahic designer's and illustrator's guide to marketing and promotion /
Statement of responsibility, etc Maria Piscopo.
260 ## - PUBLICATION, DISTRIBUTION, ETC. (IMPRINT)
Place of publication, distribution, etc New York :
Name of publisher, distributor, etc Allworth Press,
Date of publication, distribution, etc 2004.
300 ## - PHYSICAL DESCRIPTION
Extent 211 p. :
Other physical details ill. ;
Dimensions 23 cm.
521 ## - TARGET AUDIENCE NOTE
Target audience note
650 ## - SUBJECT ADDED ENTRY--TOPICAL TERM
Topical term or geographic name as entry element Graphic arts
General subdivision Marketing.
650 ## - SUBJECT ADDED ENTRY--TOPICAL TERM
Topical term or geographic name as entry element Design services
General subdivision Marketing.
650 ## - SUBJECT ADDED ENTRY--TOPICAL TERM
Topical term or geographic name as entry element Sales promotion.
942 ## - ADDED ENTRY ELEMENTS (KOHA)
Koha item type Books
Source of classification or shelving scheme Library of Congress Classification
Call number prefix Foreign
Holdings
Withdrawn status Lost status Source of classification or shelving scheme Damaged status Home library Current library Shelving location Date acquired Total Checkouts Full call number Barcode Date last seen Price effective from Koha item type
    Library of Congress Classification   College Library College Library General Circulation Section 11/29/2013   NC 1001.6 .P577 2004 C8003 05/15/2018 11/29/2013 Books

The grahic designer's and illustrator's guide to marketing and promotion /

APA

Piscopo M., . (2004). The grahic designer's and illustrator's guide to marketing and promotion. New York: Allworth Press.

Chicago

Piscopo Maria, . 2004. The grahic designer's and illustrator's guide to marketing and promotion. New York: Allworth Press.

Harvard

Piscopo M., . (2004). The grahic designer's and illustrator's guide to marketing and promotion. New York: Allworth Press.

MLA

Piscopo Maria, . The grahic designer's and illustrator's guide to marketing and promotion. New York: Allworth Press. 2004.

  • Place hold
  • Print
  • Cite
  • Add to your cart (remove)
  • Save record
    BIBTEX Dublin Core MARCXML MARC (non-Unicode/MARC-8) MARC (Unicode/UTF-8) MARC (Unicode/UTF-8, Standard) MODS (XML) RIS
  • More searches
    Search for this title in:
    Other Libraries (WorldCat) Other Databases (Google Scholar) Online Stores (Bookfinder.com) Open Library (openlibrary.org)

Exporting to Dublin Core...

SOUTHVILLE LIBRARY

Southville International School and Colleges Library

1281 Tropical Ave. Cor. Luxembourg St., BF Homes International, Las Pinas City

Tel. No. 8256374 / 252358 Loc. 117/146

Powered by Koha